Quy hoạch du lịch /
Kaydedildi:
| Yazar: | |
|---|---|
| Diğer Yazarlar: | , , |
| Materyal Türü: | Sách giấy |
| Dil: | Vietnamese |
| Baskı/Yayın Bilgisi: |
H. :
Đại học Quốc gia,
2001.
|
| Konular: | |
| Etiketler: |
Etiketle
Etiket eklenmemiş, İlk siz ekleyin!
|
| Thư viện lưu trữ: | Thư viện Trường Đại học Đà Lạt |
|---|
| LEADER | 00873nam a2200337 4500 | ||
|---|---|---|---|
| 001 | DLU110125499 | ||
| 005 | ##20110922 | ||
| 040 | # | # | |a DLU |b vie |
| 041 | # | # | |a vie |
| 044 | # | # | |a vn |
| 082 | # | # | |a 338.479 1 |b CA-G |
| 100 | # | # | |a Cazes, G. |
| 245 | # | # | |a Quy hoạch du lịch / |c G. Cazes, R. Lanquar, Y. Raynouard; Đào Đình Bắc dịch. |
| 260 | # | # | |a H. : |b Đại học Quốc gia, |c 2001. |
| 300 | # | # | |a 155 tr. ; |c 21 cm. |
| 504 | # | # | |a Thư mục: tr.154. |
| 650 | # | # | |a Du lịch |z Việt Nam |x Quy hoạch |v Giáo trình. |
| 700 | # | # | |a Đào Đình Bắc, |e dịch. |
| 700 | # | # | |a Lanquar, R. |
| 700 | # | # | |a Raynouard, Y. |
| 923 | # | # | |a 01/2011MT |
| 991 | # | # | |a GT |
| 992 | # | # | |a 12500 |
| 994 | # | # | |a KMT |
| 900 | # | # | |a True |
| 911 | # | # | |a Đào Thị Thu Huyền |
| 925 | # | # | |a G |
| 926 | # | # | |a A |
| 927 | # | # | |a SH |
| 980 | # | # | |a Thư viện Trường Đại học Đà Lạt |